Los derechos de los pueblos indígenas en Chile: informe del Programa de Derechos Indígenas

Збережено в:
Бібліографічні деталі
Співавтори: Instituto de Estudios Indígenas (Автор), Universidad de La Frontera (Автор)
Формат: Книга
Мова:Іспанська
Опубліковано: Santiago LOM 2003
Редагування:1a. ed
Серія:Colección Ciencias Humanas. Sociedad y Derechos Humanos
Предмети:
Теги: Додати тег
Немає тегів, Будьте першим, хто поставить тег для цього запису!

MARC

LEADER 00000nam a2200000 a 4500
001 UCJ1023
003 CL-VaPUC
008 060929e20030000CL |||||||||||||||||spa|d
020 |a 9562826082 
082 0 4 |a 342.830872  |b INS  |2 21 
110 2 |a Instituto de Estudios Indígenas  |e author  |9 501550 
710 2 |a Universidad de La Frontera  |e author  |9 501551 
245 1 4 |a Los derechos de los pueblos indígenas en Chile: informe del Programa de Derechos Indígenas 
250 |a 1a. ed 
300 |a 450 p 
942 |c BK 
945 |d 20060929 00:00:00  |a cmena 
260 |a Santiago  |b LOM  |c 2003 
650 0 |a Pueblos indígenas   |9 357564 
650 0 |a Derechos civiles  |9 255655 
650 0 |a Jurisprudencia  |9 255952 
651 7 |a CHILE  |2 CL-VaPUC  |9 501552 
583 |a last modification  |c 20060929 00:00:00  |k Rodrigo Vera 
490 0 |a Colección Ciencias Humanas. Sociedad y Derechos Humanos 
999 |c 317756  |d 317754 
952 |0 0  |1 0  |4 0  |6 342_830872000000000_INS_2003  |7 0  |8 A  |9 394656  |a BIBHIS  |b BIBHIS  |d 2019-11-22  |i 4206169  |o 342.830872 INS 2003  |p 4206169  |r 2025-01-20  |w 2019-11-22  |y BK  |k HIS 
952 |0 0  |1 0  |4 0  |6 342_830872000000000_INS_2003  |7 0  |8 A  |9 394657  |a BIBHIS  |b BIBHIS  |d 2019-11-22  |i 4353463  |o 342.830872 INS 2003  |p 4353463  |r 2025-01-20  |w 2019-11-22  |y BK  |k HIS